MARC

LEADER 00000nam0a2200000 4500
001 374568
005 20231102012649.0
035 |a (RuTPU)RU\TPU\retro\32002 
035 |a RU\TPU\book\207169 
090 |a 374568 
100 |a 20221219d1893 km y0rusy50 ca 
101 1 |a rus  |c ger 
102 |a UA 
105 |a a z 001zy 
200 1 |a Чугун как литейный материал  |e пер. с нем.  |f А. Ледебур  |g пер. Г. Латышев 
205 |a 3-е изд. 
210 |a Харьков  |c Типография и Литография Зильберберга, Рыбная ул. № 25  |d 1893 
215 |a 94 с.  |c ил. 
320 |a Указатели: с. 89-92. 
606 1 |a Чугун литейный  |2 stltpush  |3 (RuTPU)RU\TPU\subj\18865  |9 44224 
610 1 |a литейное дело 
610 1 |a литейные материалы 
610 1 |a литейные свойства 
610 1 |a литейные сплавы 
610 1 |a чугун 
610 1 |a чугунное литье 
675 |a 621.74:669.13  |v 3 
700 1 |a Ледебур  |b А. 
702 1 |a Латышев  |b Г.  |g Григорий  |4 730 
801 1 |a RU  |b 63413507  |c 20110119 
801 2 |a RU  |b 63413507  |c 20221219  |g RCR 
942 |c BK